Name the Taylor Swift Song from one line - Midnights - Statistics

General Stats
  • This quiz has been taken 100 times
  • The average score is 11 of 13
Answer Stats
Line Song % Correct
I have this dream my daughter-in-law kills me for the money Anti-Hero
99%
From sprinkler splashes to fireplace ashes You're On Your Own, Kid
99%
And I keep my side of the street cleanYou wouldn't know what I mean Karma
98%
When you splashed your wine into meAnd how the blood rushed into my cheeks Maroon
98%
They ask, "Do you have a man?"I could still say, "I don't remember" Bejeweled
96%
What if I told you none of it was accidental? Mastermind
96%
I'm damned if I do give a damn what people say Lavender Haze
94%
Picture me thick as thieves with your ex-wife Vigilante Sh*t
91%
Stars by the pocketful, You wanting me, Tonight feels impossible Snow On The Beach
78%
A slow-motion, love potionJumping off things in the ocean Midnight Rain
75%
Break up, break free, break through, break down Labyrinth
74%
Half-moon eyes, bad surpriseDid you realize out of time? Question...?
73%
And smooth-talking hucksters out glad-handing each other Sweet Nothing
72%
No matching quizzes found
Score Distribution
Percent of People with Each Score
Percentile by Number Answered
Your Score History
You have not taken this quiz